[Event "Mechanics' Winter TNM; G/2"]
[Site "San Francisco"]
[Date "2016.02.23"]
[Round "8.14"]
[White "Boldi, Ethan Vaugh"]
[Black "Hakobyan, Sos"]
[Result "1-0"]
[WhiteElo "1528"]
[BlackElo "1886"]
[Annotator "Donaldson"]
[PlyCount "79"]
[EventDate "2016.??.??"]

1. e4 e6 2. d4 d5 3. Nc3 Bb4 4. e5 c5 5. a3 Bxc3+ 6. bxc3 Ne7 7. Nf3 Qa5 8. Bd2
Qa4 9. Bd3 c4 10. Be2 O-O 11. h4 f6 12. exf6 gxf6 13. Bh6 Rf7 14. g4 Nbc6 15.
Rg1 Kh8 16. h5 Bd7 17. g5 Rg8 (17... Nf5) 18. g6 hxg6 19. hxg6 Rxg6 20. Rxg6
Nxg6 21. Kd2 e5 22. Be3 Rh7 23. dxe5 fxe5 24. Ng5 d4 25. Nxh7 Qa5 $2 (25...
dxe3+ 26. Ke1 Qa5 27. fxe3 e4 $11) 26. Ke1 $2 (26. Qh1 Qxc3+ 27. Kd1 Qxa1+ 28.
Bc1 Kg7 29. Qh6+ Kf7 30. Bxc4+ $18) 26... Kxh7 $2 (26... dxe3 $11) 27. Qd2 $2 (
27. Rb1 b6 28. Bf3) 27... Qd5 28. Bf1 Qh1 29. cxd4 exd4 30. Bxd4 Bh3 (30... Nh4
) 31. Ke2 Qe4+ (31... Bg4+ 32. Ke1 Nh4 $19) 32. Be3 Nf4+ 33. Kd1 Bg4+ 34. Kc1
Nd5 35. Rb1 b6 36. Rb5 $1 Nce7 37. Qd4 Qh1 38. Qxc4 a6 39. Rb3 Qf3 40. Bd3+ 1-0

[Event "Mechanics' Fall TNM; G/2"]
[Site "San Francisco"]
[Date "2016.11.29"]
[Round "7.15"]
[White "Boldi, Ethan Vaugh"]
[Black "Khristoforov, Serg"]
[Result "1-0"]
[WhiteElo "1811"]
[BlackElo "1972"]
[PlyCount "59"]
[EventDate "2016.??.??"]

1. e4 c6 2. d4 d5 3. Nc3 dxe4 4. Nxe4 Bf5 5. Ng3 Bg6 6. Nf3 e6 7. h4 h6 8. h5
Bh7 9. Bd3 Bxd3 10. Qxd3 Nf6 11. Bf4 Nd5 12. Bd2 Bd6 13. Ne4 O-O 14. c4 Nf4 15.
Qf1 g6 16. hxg6 fxg6 17. Rxh6 Kg7 18. Qh1 Nh5 19. Bg5 Bb4+ 20. Ke2 Be7 21. Be3
Rh8 22. Ne5 Rxh6 23. Bxh6+ Kh7 24. Be3 c5 25. g4 cxd4 26. gxh5 g5 27. Qf3 d3+
28. Kd1 Qf8 29. Qxf8 Bxf8 30. Nxd3 1-0

[Event "Mechanics' Winter TNM; G/2"]
[Site "San Francisco"]
[Date "2016.01.26"]
[Round "4.19"]
[White "Boldi, Ethan Vaugh"]
[Black "Kondakov, Adrian"]
[Result "1/2-1/2"]
[WhiteElo "1528"]
[BlackElo "1786"]
[PlyCount "32"]
[EventDate "2016.??.??"]

1. e4 e6 2. d4 d5 3. Nc3 Bb4 4. e5 c5 5. a3 Bxc3+ 6. bxc3 Ne7 7. f4 Qc7 8. Nf3
Nbc6 9. Be3 Nf5 10. Bf2 cxd4 11. cxd4 Qa5+ 12. Qd2 Qxd2+ 13. Kxd2 h5 14. g3 Bd7
15. Bd3 Nfe7 16. Rhb1 Na5 {Remaining moves unavailable.} 1/2-1/2

[Event "Mechanics' Spring TNM; G/2"]
[Site "San Francisco"]
[Date "2016.04.05"]
[Round "4.23"]
[White "Boldi, Ethan Vaugh"]
[Black "Kumar, Vikas"]
[Result "0-1"]
[WhiteElo "1658"]
[BlackElo "1973"]
[Annotator "Donaldson"]
[PlyCount "44"]
[EventDate "2016.??.??"]

1. e4 c5 2. Nf3 e6 3. d4 cxd4 4. Nxd4 Nf6 5. Nc3 Nc6 6. f3 $2 (6. Ndb5) (6.
Nxc6) (6. Be2) 6... Bb4 7. Be3 d5 8. Bb5 O-O $6 (8... Qc7) 9. Bxc6 (9. Nxc6
bxc6 10. Bxc6 Rb8 11. Qd4 $11) 9... bxc6 10. e5 Ne8 (10... Nd7) 11. Nxc6 Bxc3+
12. bxc3 Qc7 $19 13. Nd4 Qxc3+ (13... Qxe5) 14. Kf2 f6 15. exf6 Nxf6 16. Qd3
Ng4+ 17. Ke2 {Diagram [#]} Ba6 $1 18. Nb5 Bxb5 19. fxg4 (19. Qxb5 Qxe3+ 20. Kd1
Nf2#) 19... Bxd3+ (19... Qxc2+) 20. cxd3 Rab8 21. Bd2 Rb2 22. Rad1 Qe5# 0-1

[Event "Mechanics' Summer TNM; G/2"]
[Site "San Francisco"]
[Date "2016.06.21"]
[Round "5.19"]
[White "Boldi, Ethan Vaugh"]
[Black "Lewis, Edward Mich"]
[Result "1/2-1/2"]
[WhiteElo "1746"]
[BlackElo "1911"]
[PlyCount "54"]
[EventDate "2016.??.??"]

1. e4 g6 2. d4 Bg7 3. Nf3 d6 4. Nc3 Nf6 5. Bg5 h6 6. Bxf6 Bxf6 7. Bc4 Bg7 8.
O-O Nd7 9. Re1 e5 10. Qd2 exd4 11. Nxd4 O-O 12. Rad1 Ne5 13. Be2 Bd7 14. h3 Re8
15. Qf4 a6 16. Nf3 g5 17. Qg3 Ng6 18. Bc4 Bc6 19. Bd5 Qe7 20. Ne2 Ne5 21. c4
Nxf3+ 22. Qxf3 Bxb2 23. Ng3 Be5 24. Qh5 Bxg3 25. Qg6+ Kf8 26. Qxh6+ Kg8 27.
Qg6+ Kf8 1/2-1/2

[Event "Mechanics' Alan Benson TNM; G/2"]
[Site "San Francisco"]
[Date "2016.09.27"]
[Round "9.17"]
[White "Boldi, Ethan Vaugh"]
[Black "Maser, Thomas F"]
[Result "0-1"]
[WhiteElo "1814"]
[BlackElo "1927"]
[Annotator "Donaldson"]
[PlyCount "36"]
[EventDate "2016.??.??"]

1. e4 e5 2. Nf3 Nc6 3. Bc4 Bc5 4. c3 Nf6 5. d3 d6 6. O-O O-O 7. h3 Be6 8. Nbd2
Qd7 9. b4 Bb6 10. Bb2 Rae8 11. Qb3 Nh5 12. d4 $6 Nf4 13. Bxe6 $2 {Diagram [#]}
Rxe6 $1 $19 (13... Qxe6 $11) (13... fxe6 14. Kh2 $11) 14. Kh2 Rh6 15. Ng1 Qg4
16. g3 Rxh3+ 17. Nxh3 Qxh3+ 18. Kg1 Qg2# 0-1

[Event "Mechanics' Alan Benson TNM; G/2"]
[Site "San Francisco"]
[Date "2016.08.23"]
[Round "4.13"]
[White "Boldi, Ethan Vaugh"]
[Black "Melville, Cailen"]
[Result "1/2-1/2"]
[WhiteElo "1814"]
[BlackElo "1985"]
[PlyCount "106"]
[EventDate "2016.??.??"]

1. e4 e6 2. d4 d5 3. Nc3 dxe4 4. Nxe4 b6 5. Nf3 Bb7 6. Bd3 Nf6 7. Nxf6+ gxf6 8.
c3 Nc6 9. Be3 Qd7 10. Qd2 O-O-O 11. O-O-O Na5 12. b4 Nc6 13. Be4 Kb8 14. Qb2 f5
15. Bxc6 Qxc6 16. Ne5 Qe8 17. c4 Rg8 18. f3 f6 19. Nd3 Ba6 20. b5 Bb7 21. c5
bxc5 22. dxc5 Ka8 23. c6 Bxc6 24. a4 Bb7 25. a5 a6 26. Nc5 Rxd1+ 27. Rxd1 Bxc5
28. Bxc5 Qxb5 29. Qxb5 axb5 30. Rd7 Kb8 31. g3 Bxf3 32. Rf7 Kb7 33. Rxf6 Kc6
34. Be3 Kd5 35. a6 Bh5 36. Rh6 Bg6 37. h4 f4 38. Bxf4 Ra8 39. h5 Be4 40. g4
Rxa6 41. g5 Ra1+ 42. Kd2 e5 43. Be3 Ra2+ 44. Kc3 Re2 45. Ba7 c5 46. g6 hxg6 47.
hxg6 Rg2 48. g7 Rxg7 49. Bb8 Rg3+ 50. Kd2 Rg6 51. Rh8 Kd4 52. Rd8+ Bd5 53. Re8
e4 {and White later miraculously held a draw.} 1/2-1/2

[Event "Mechanics' Fall TNM; G/2"]
[Site "San Francisco"]
[Date "2016.12.13"]
[Round "9.16"]
[White "Boldi, Ethan Vaugh"]
[Black "Riese, Kayven"]
[Result "1-0"]
[WhiteElo "1811"]
[BlackElo "1935"]
[Annotator "Donaldson"]
[PlyCount "73"]
[EventDate "2016.??.??"]

1. e4 e6 2. d4 d5 3. Nc3 Nf6 4. e5 Nfd7 5. f4 c5 6. Nf3 Nc6 7. Be3 Qb6 8. Rb1
cxd4 9. Bxd4 Nxd4 10. Nxd4 Bc5 11. Nce2 h5 (11... f6 12. exf6 Nxf6) 12. c3 a6
13. Qa4 Kf8 14. b4 Be7 (14... h4) 15. Nc1 Qc7 (15... g5) 16. Qb3 b5 (16... g5)
17. Nd3 Nb6 18. Be2 Nc4 19. Bf3 Bd7 20. Nb2 {Diagram [#]} Ne3 (20... a5 $1 21.
Nxc4 bxc4 22. Qc2 axb4 23. cxb4 Ra4) 21. Ke2 Nc4 22. Nd3 g5 (22... a5) 23. g3
Rc8 (23... a5 $1) (23... g4 24. Bg2 h4) 24. Rhe1 h4 25. Rh1 gxf4 26. gxf4 h3 (
26... a5) 27. Rbf1 Ke8 (27... a5) 28. Bg4 Rh4 (28... a5) 29. Rhg1 Bf8 (29... a5
) 30. Rg3 Bh6 $4 (30... a5) 31. Nf3 Bxf4 32. Nxf4 Nxe5 33. Nxh4 Nxg4 34. Rxg4
Qe5+ 35. Kd2 Rc4 36. Rg8+ Ke7 37. Nfg6+ 1-0

[Event "Mechanics' Winter TNM; G/2"]
[Site "San Francisco"]
[Date "2016.02.09"]
[Round "6.13"]
[White "Boldi, Ethan Vaugh"]
[Black "Rudyak, Felix"]
[Result "1-0"]
[WhiteElo "1528"]
[BlackElo "1973"]
[Annotator "Donaldson"]
[PlyCount "35"]
[EventDate "2016.??.??"]

1. e4 c5 2. Nf3 d6 3. d4 cxd4 4. Nxd4 Nf6 5. Nc3 a6 6. Bg5 e6 7. f4 Be7 8. Qf3
h6 9. Bh4 Nbd7 10. O-O-O g5 $6 {This is not the right position for this move.}
11. fxg5 Ne5 $6 {Diagram #} (11... hxg5 $16) 12. gxf6 $1 {
White gets too much material for the queen.} Nxf3 13. fxe7 Qb6 14. gxf3 e5 15.
Nd5 Qa5 16. Nb3 Qa4 17. Nb6 Qxa2 18. Rxd6 1-0

[Event "Mechanics' Summer TNM; G/2"]
[Site "San Francisco"]
[Date "2016.07.12"]
[Round "8.25"]
[White "Boldi, Ethan Vaugh"]
[Black "Starr, Albert Martin"]
[Result "1-0"]
[WhiteElo "1746"]
[BlackElo "1517"]
[Annotator "Donaldson"]
[PlyCount "111"]
[EventDate "2016.??.??"]

1. e4 e5 2. Nf3 Nf6 3. Nxe5 d6 4. Nf3 Nxe4 5. d3 (5. d4 d5 6. Bd3) (5. Nc3 Nxc3
6. dxc3) 5... Nf6 6. Nc3 Be7 (6... d5) 7. Bg5 h6 8. Bh4 Bg4 9. Be2 Nbd7 10. O-O
O-O 11. h3 Bh5 12. Re1 Re8 13. Nd4 Bxe2 14. Qxe2 c6 15. Nf5 Bf8 16. Qf3 Qc7 17.
Bxf6 (17. Nxh6+ gxh6 (17... Kh8 18. Nxf7+) 18. Bxf6) 17... Nxf6 18. Nxh6+ gxh6
(18... Kh8) 19. Qxf6 Bg7 20. Qf4 Kh8 21. Ne4 Re6 22. c3 (22. Ng3 Rae8 23. Rxe6
fxe6 (23... Rxe6 24. c3 Be5 25. Qf3 Bxg3 26. Qxg3 Qe7)) 22... Rae8 23. Re3 Be5
24. Qf3 d5 25. Nc5 Rf6 26. Qxf6+ Bxf6 27. Rxe8+ Kg7 28. Rae1 (28. d4 b6 29. Nd3
) 28... b6 29. Nb3 a5 30. d4 a4 31. Nd2 Bg5 32. Nf3 Qf4 33. R1e3 Qf5 34. Nxg5
hxg5 35. Re1 Qc2 (35... a3 36. bxa3 (36. b3 Qc2) (36. R8e2 Qd3) 36... Qc2) 36.
R8e2 Qd3 37. a3 Kg6 38. Re3 Qf5 (38... Qc2 39. R1e2 Qc1+ 40. Kh2) 39. R1e2 b5 (
39... c5) 40. Rf3 Qd7 41. Re5 Qd6 42. Ref5 Qe6 43. Rf6+ (43. Rxf7) 43... Qxf6
44. Rxf6+ Kxf6 45. Kf1 Kf5 46. Ke2 Ke4 47. f3+ Kf4 48. Kf2 Kf5 49. Ke3 Ke6 50.
f4 gxf4+ 51. Kxf4 Kf6 52. h4 Kg6 53. g4 f6 54. h5+ Kg7 55. Kf5 Kf7 56. h6 1-0

[Event "Mechanics' Summer TNM; G/2"]
[Site "San Francisco"]
[Date "2016.06.21"]
[Round "5.44"]
[White "Boldi, Nicholas"]
[Black "Capdeville, Barry"]
[Result "0-1"]
[WhiteElo "1005"]
[BlackElo "1248"]
[PlyCount "52"]
[EventDate "2016.??.??"]

1. e4 e5 2. Nf3 Nf6 3. Nc3 d6 4. Bc4 Be7 5. O-O Bg4 6. Re1 O-O 7. Re3 c5 8. h3
Bh5 9. Nd5 Nxd5 10. Bxd5 Nc6 11. Rb3 Qd7 12. c3 Na5 13. Ra3 Nc6 14. Qe2 Nd8 15.
Qe3 Ne6 16. Rb3 Rab8 17. d3 Nf4 18. Bc4 b5 19. Bd5 b4 20. cxb4 cxb4 21. Bd2 a5
22. a3 Ne6 23. axb4 Bxf3 24. gxf3 Nf4 25. Kh2 Qxh3+ 26. Kg1 Qg2# 0-1

[Event "Mechanics' Spring TNM; G/2"]
[Site "San Francisco"]
[Date "2016.03.29"]
[Round "3.45"]
[White "Boldi, Nicholas Ar"]
[Black "Brown, Nicholas M"]
[Result "0-1"]
[WhiteElo "964"]
[BlackElo "1501"]
[PlyCount "62"]
[EventDate "2016.??.??"]

1. e4 e6 2. d4 d5 3. exd5 exd5 4. c4 c6 5. Nc3 Nf6 6. Nf3 Be7 7. cxd5 Nxd5 8.
Nxd5 Qxd5 9. a3 O-O 10. b3 Bg4 11. Be2 Rd8 12. Bb2 Bf6 13. O-O c5 14. Rb1 cxd4
15. Bxd4 Qh5 16. Qd2 Bxd4 17. Nxd4 Nc6 18. f3 Rxd4 19. Qb2 Be6 20. Rbc1 Rad8
21. Rc2 Qg5 22. Kh1 Qe3 23. Bb5 Rd1 24. h3 Rxf1+ 25. Bxf1 Rd1 26. Rf2 Bxb3 27.
Re2 Rxf1+ 28. Kh2 Qf4+ 29. g3 Qb8 30. f4 Bd5 31. Qxb7 Rh1# 0-1

[Event "Mechanics' Fall TNM; G/2"]
[Site "San Francisco"]
[Date "2016.10.25"]
[Round "2.38"]
[White "Boldi, Nicholas Ar"]
[Black "Chan, John"]
[Result "0-1"]
[WhiteElo "1133"]
[BlackElo "1595"]
[PlyCount "96"]
[EventDate "2016.??.??"]

1. e4 e6 2. d4 d5 3. exd5 exd5 4. c4 c6 5. Nc3 Bb4 6. Bd2 Nf6 7. a3 Bxc3 8.
bxc3 O-O 9. Nf3 Re8+ 10. Be2 dxc4 11. O-O b5 12. a4 h6 13. axb5 cxb5 14. Ne1
Bb7 15. Rb1 a6 16. Bxc4 Qc7 17. Be2 Nbd7 18. Nf3 Rad8 19. Rc1 Bd5 20. Bd3 Bc4
21. Bxc4 bxc4 22. Ra1 a5 23. Qc1 Kh7 24. Bf4 Qa7 25. Re1 Qa6 26. Rxe8 Rxe8 27.
Qc2+ Kg8 28. Qa4 Ra8 29. Nd2 Nb6 30. Qa3 a4 31. Ra2 Re8 32. Ra1 Nfd5 33. Bg3
Qa5 34. Rc1 Re2 35. Nb1 Qb5 36. Qc5 Qb2 37. Qa3 Qxa3 38. Nxa3 Nxc3 39. f3 Re3
40. Bf2 Rd3 41. Kf1 Na2 42. Nxc4 Nxc1 43. Nxb6 a3 44. d5 a2 45. Be1 a1=Q 46. d6
Rxd6 47. Nc4 Nd3 48. Nb2 Qxe1# 0-1

[Event "Mechanics' Alan Benson TNM; G/2"]
[Site "San Francisco"]
[Date "2016.09.20"]
[Round "8.36"]
[White "Boldi, Nicholas Ar"]
[Black "Donaldson, Kyle Ga"]
[Result "1/2-1/2"]
[WhiteElo "1160"]
[BlackElo "1453"]
[Annotator "Donaldson, John"]
[PlyCount "100"]
[EventDate "2016.??.??"]

1. e4 e5 2. Nf3 Nc6 3. Bc4 Bc5 4. Nc3 Nf6 5. O-O O-O 6. Bb3 d6 7. d3 Bg4 8. Bg5
Nd4 9. Nd5 Bxf3 10. Bxf6 Bxd1 11. Bxd8 Nxb3 12. Raxd1 Raxd8 13. axb3 Rd7 14. b4
Bb6 15. Nxb6 axb6 16. Rfe1 f5 17. d4 fxe4 18. Rxe4 Rdf7 19. Rd2 exd4 20. Rexd4
Re7 21. Rd1 Re2 22. R4d2 Rfe8 $2 {Diagram [#]} (22... Rfxf2 $1) 23. h3 Re1+ 24.
Rxe1 Rxe1+ 25. Kh2 Re5 26. c3 b5 27. Rc2 d5 28. b3 b6 29. c4 bxc4 30. bxc4 dxc4
31. Rxc4 c5 32. bxc5 bxc5 33. f4 Rd5 34. Ra4 Rd4 35. Rxd4 cxd4 36. Kg1 Kf7 37.
Kf2 Ke6 38. Ke2 Kd5 39. Kd3 Kc5 40. g4 Kd5 41. h4 h6 42. h5 Kc5 43. g5 Kd5 44.
gxh6 gxh6 45. f5 Ke5 46. f6 Kxf6 47. Kxd4 Kg5 48. Ke4 Kxh5 49. Kf3 Kh4 50. Kg2
Kg4 1/2-1/2

[Event "Mechanics' Fall TNM; G/2"]
[Site "San Francisco"]
[Date "2016.11.29"]
[Round "7.44"]
[White "Boldi, Nicholas Ar"]
[Black "Erdenebileg, Dasheveg"]
[Result "1-0"]
[WhiteElo "1133"]
[BlackElo "1077"]
[PlyCount "27"]
[EventDate "2016.??.??"]

1. e4 e5 2. Nf3 Nc6 3. Bc4 Nf6 4. Ng5 d5 5. exd5 Nxd5 6. Nxf7 Kxf7 7. Qf3+ Qf6
8. Qxf6+ gxf6 9. Bxd5+ Ke7 10. Bxc6 bxc6 11. Nc3 Bf5 12. d3 Rg8 13. g3 Ke6 14.
Be3 {and White later won. Remaining moves unavailable.} 1-0

[Event "Mechanics' Spring TNM; G/2"]
[Site "San Francisco"]
[Date "2016.04.26"]
[Round "7.46"]
[White "Boldi, Nicholas Ar"]
[Black "Erdenebileg, Erkhes"]
[Result "0-1"]
[WhiteElo "964"]
[BlackElo "1177"]
[PlyCount "164"]
[EventDate "2016.??.??"]

1. e4 e5 2. Nf3 Nc6 3. Bc4 Bc5 4. Nc3 d6 5. O-O Bg4 6. h3 Bh5 7. Be2 Bxf3 8.
Bxf3 Nd4 9. Be2 Nf6 10. d3 h6 11. Bd2 Nxe2+ 12. Qxe2 O-O 13. Na4 Bb6 14. Nxb6
axb6 15. a3 Re8 16. Rfe1 d5 17. exd5 Qxd5 18. Bc3 Nd7 19. Qg4 Nf6 20. Qf5 Nd7
21. Qg4 Nf6 22. Qg3 Nh5 23. Qe3 Nf4 24. Qe4 Qxe4 25. Rxe4 Ng6 26. Rae1 f6 27.
Rg4 Nf4 28. Bd2 g5 29. h4 Ng6 30. hxg5 hxg5 31. Rg3 Nf4 32. d4 Nh5 33. Rh3 Nf4
34. Bxf4 exf4 35. Rxe8+ Rxe8 36. Kf1 Re4 37. Rd3 Kf7 38. f3 Re8 39. Rc3 Re7 40.
Rc4 Rd7 41. c3 Ke6 42. Ke2 Kd5 43. Rb4 Re7+ 44. Kf2 Rf7 45. Ra4 b5 46. Rb4 c6
47. a4 bxa4 48. Rxa4 b5 49. Rb4 Rb7 50. Ke2 Re7+ 51. Kf2 Rg7 52. g3 fxg3+ 53.
Kxg3 f5 54. Kf2 Rf7 55. Ke3 f4+ 56. Kd3 Re7 57. c4+ bxc4+ 58. Kd2 Kxd4 59. b3
Kc5 60. Rxc4+ Kd5 61. Rc3 Rg7 62. Rd3+ Kc5 63. Rc3+ Kb5 64. Rc1 Rd7+ 65. Kc3
Re7 66. Kd4 Re3 67. Rg1 Rxf3 68. Rxg5+ Kb6 69. b4 Rg3 70. Rf5 Rg4 71. Ke5 Kb5
72. Rxf4 Rxf4 73. Kxf4 Kxb4 74. Ke3 Kc3 75. Ke2 Kb3 76. Kd1 c5 77. Kc1 Kc3 78.
Kb1 Kd2 79. Kb2 c4 80. Ka3 c3 81. Kb4 c2 82. Kc5 c1=Q+ 0-1

[Event "Mechanics' Spring TNM; G/2"]
[Site "San Francisco"]
[Date "2016.04.05"]
[Round "4.51"]
[White "Boldi, Nicholas Ar"]
[Black "Orgilmunkh, Tselmeg"]
[Result "1-0"]
[WhiteElo "964"]
[BlackElo "258"]
[PlyCount "53"]
[EventDate "2016.??.??"]

1. e4 e5 2. Nf3 Nf6 3. Nc3 Nc6 4. d3 Bc5 5. Nxe5 Bd4 6. Nxc6 dxc6 7. Bd2 Bg4 8.
Be2 Be6 9. O-O Qd6 10. Bf3 Qe5 11. g3 g5 12. Bg2 Rg8 13. Kh1 Rg6 14. Qc1 Rh6
15. Bxg5 Ng4 16. Bxh6 Qh5 17. h3 Rd8 18. Be3 Bd5 19. exd5 cxd5 20. Bxd4 b5 21.
Nxb5 a6 22. Nxc7+ Kd7 23. Nxd5 Ra8 24. Nb6+ Kc7 25. Nxa8+ Kb8 26. Qf4+ Kc8 27.
Qc7# 1-0

[Event "Mechanics' Spring TNM; G/2"]
[Site "San Francisco"]
[Date "2016.03.15"]
[Round "1.31"]
[White "Boldi, Nicholas Ar"]
[Black "Porlares, Teodoro"]
[Result "0-1"]
[WhiteElo "964"]
[BlackElo "1852"]
[PlyCount "36"]
[EventDate "2016.??.??"]

1. e4 c6 2. d4 d5 3. e5 Bf5 4. c4 e6 5. Nc3 Bb4 6. cxd5 Bxc3+ 7. bxc3 cxd5 8.
c4 Ne7 9. Be2 Nbc6 10. Nf3 O-O 11. O-O Rc8 12. cxd5 Nxd5 13. Bd3 Nc3 14. Qc2
Nb4 15. Qd2 Bxd3 16. Ba3 Bxf1 17. Bxb4 Ba6 18. Bxf8 Qxf8 {
and Black went on to win.} 0-1

[Event "Mechanics' Fall TNM; G/2"]
[Site "San Francisco"]
[Date "2016.12.06"]
[Round "8.39"]
[White "Boldi, Nicholas Ar"]
[Black "Simpkins, Jerry"]
[Result "0-1"]
[WhiteElo "1133"]
[BlackElo "1542"]
[Annotator "Donaldson"]
[PlyCount "92"]
[EventDate "2016.??.??"]

1. e4 e5 2. Nf3 f5 3. Nxe5 Qf6 4. d4 Nc6 5. Nxc6 dxc6 6. e5 Qg6 7. Nc3 Bb4 8.
a3 Bxc3+ 9. bxc3 Be6 10. c4 Ne7 11. a4 Rd8 12. Rb1 b6 13. Ba3 Qf7 14. Bxe7 Qxe7
15. c3 Qg5 16. Qf3 Bd7 17. d5 $2 (17. Bd3 O-O 18. O-O) 17... O-O 18. e6 Bxe6
19. h4 Qh6 20. Rd1 cxd5 21. cxd5 Bd7 22. Be2 Bxa4 23. Ra1 Bb3 24. c4 a5 25.
Qxb3 Rfe8 26. Kf1 Qd2 27. Bd3 a4 28. Qc2 Qa5 29. Qxa4 $4 {Diagram [#]} Re1+ $4
30. Rxe1 Qxa4 31. Bxf5 Qxc4+ 32. Kg1 g6 33. Be6+ Kg7 34. d6 Qb4 35. dxc7 Qxe1+
36. Kh2 Qe5+ 37. g3 Qxc7 38. Bb3 Rd3 39. Be6 Qc6 40. Bh3 Qf3 41. Rf1 Rd1 42.
Rxd1 Qxd1 43. Be6 b5 44. Kg2 b4 45. Kh2 b3 46. Bxb3 Qxb3 0-1

[Event "Mechanics' Alan Benson TNM; G/2"]
[Site "San Francisco"]
[Date "2016.09.13"]
[Round "7.34"]
[White "Boldi, Nicholas Ar"]
[Black "Standen, Julian"]
[Result "1/2-1/2"]
[WhiteElo "1160"]
[BlackElo "1600"]
[PlyCount "101"]
[EventDate "2016.??.??"]

1. e4 d5 2. exd5 Qxd5 3. Nc3 Qa5 4. d4 Bf5 5. Qf3 c6 6. Qd1 e6 7. Bd2 Nf6 8.
Nf3 Be7 9. Nb5 Qd8 10. Nc3 O-O 11. Be2 Nbd7 12. O-O Nd5 13. Bd3 Bxd3 14. cxd3
Bf6 15. Be3 a6 16. a4 Rc8 17. Re1 Re8 18. a5 g6 19. Qd2 c5 20. dxc5 Nxc5 21.
Bxc5 Rxc5 22. Nxd5 Rxd5 23. Red1 Qd6 24. Ra3 Rd8 25. Rb3 Rd7 26. Ra3 e5 27. Ne1
e4 28. Rb3 exd3 29. Rxd3 Rxd3 30. Qxd3 Qxd3 31. Rxd3 Rxd3 32. Nxd3 Bd8 33. Nc5
Bxa5 34. Nxb7 Bb6 35. Nd6 Bd4 36. Nc4 Kf8 37. Kf1 Ke7 38. b3 Ke6 39. Ke2 Kd5
40. f3 Kc5 41. Kd3 Bg1 42. h3 Kb4 43. Kc2 Bh2 44. Kb2 a5 45. Nb6 Be5+ 46. Kc2
Bd4 47. Na4 Bf2 48. Nb2 Be3 49. Nd3+ Ka3 50. Kc3 Bh6 51. Kc2 1/2-1/2

[Event "Mechanics' Alan Benson TNM; G/2"]
[Site "San Francisco"]
[Date "2016.08.30"]
[Round "5.38"]
[White "Boldi, Nicholas Ar"]
[Black "Starr, Albert Mart"]
[Result "0-1"]
[WhiteElo "1160"]
[BlackElo "1518"]
[Annotator "Winslow,Elliott"]
[PlyCount "96"]
[EventDate "2016.??.??"]

1. e4 e5 2. Nf3 Nf6 3. d3 $6 {
White has an obligation to make something of his first move!} (3. Nxe5 $1) (3.
d4 $1) 3... d5 4. exd5 Qxd5 5. Nc3 Bb4 6. Bd2 Bxc3 7. Bxc3 O-O 8. Be2 Nc6 9.
O-O Nd4 10. Qd2 Bg4 11. Bxd4 exd4 12. c3 dxc3 13. bxc3 b5 14. h3 Bh5 15. Nd4
Bxe2 16. Nxe2 Rad8 17. Rad1 c5 18. Qc2 a6 19. c4 Qd6 20. cxb5 (20. d4 {
right away equalizes}) 20... axb5 21. d4 c4 22. Rb1 Qc6 23. Rfc1 Nd5 24. Qb2 b4
25. Rc2 Rfe8 26. Rbc1 {Diagram [#]} Rxe2 $5 ({Objectively better is} 26... c3
27. Qb1 (27. Qb3 Rxe2) 27... Re6 (27... Rxe2 $2 28. Rxe2 Nf4 $2 29. Re4)) 27.
Rxe2 Nf4 28. f3 Nxe2+ ({The computer prefers} 28... c3 29. Ree1 Nd3 {
but as played is a clean pawn up}) 29. Qxe2 Rxd4 30. Qe3 Rd8 31. Qf4 Rc8 (31...
Qc5+ 32. Kh2 c3) 32. Qd4 Qc5 $6 {Who wouldn't trade queens? But various
features of the position (White's more exposed king, the lame a-pawn) might
suggest keeping them on.} 33. Qxc5 Rxc5 34. Rb1 Rb5 35. a3 $4 {
Whoops! Connected passed pawns are the endgame paradise.} b3 36. Rd1 Kf8 37. a4
Ra5 38. Ra1 b2 39. Rb1 c3 40. Rd1 Rxa4 41. Rd8+ Ke7 42. Rb8 Ra1+ 43. Kh2 b1=Q
44. Rxb1 Rxb1 45. g4 c2 46. g5 c1=Q 47. Kg3 Qxg5+ 48. Kh2 Qg1# 0-1

[Event "Mechanics' Summer TNM; G/2"]
[Site "San Francisco"]
[Date "2016.07.12"]
[Round "8.37"]
[White "Boldi, Nicholas Armen"]
[Black "James, Charles"]
[Result "0-1"]
[WhiteElo "1005"]
[BlackElo "1342"]
[PlyCount "86"]
[EventDate "2016.??.??"]

1. e4 d5 2. exd5 Qxd5 3. Nc3 Qd8 4. d4 Nf6 5. Be2 Bf5 6. Nf3 e6 7. Bg5 Be7 8.
Ne5 Nbd7 9. Bb5 c6 10. Nxd7 Qxd7 11. Ba4 Rd8 12. Be3 O-O 13. h3 h6 14. g4 Bh7
15. h4 Nd5 16. Nxd5 Qxd5 17. Rh3 Qg2 18. Rg3 Qh1+ 19. Ke2 Qxd1+ 20. Rxd1 Bxh4
21. Rh3 Bf6 22. c3 Rfe8 23. Rdh1 e5 24. d5 Rxd5 25. g5 Bd3+ 26. Ke1 Bf5 27.
R3h2 Be4 28. gxh6 Bxh1 29. h7+ Kh8 30. Rxh1 Ra5 31. Bb3 Re7 32. Bd2 e4 33. c4
Rf5 34. Bb4 Rd7 35. Bd1 Rd8 36. Ba5 b6 37. Bd2 Bxb2 38. Bg4 Rc5 39. Bh5 Rd7 40.
Bg4 f5 41. Be2 g6 42. a3 Rxh7 43. Rxh7+ Kxh7 0-1

[Event "Mechanics' Spring TNM; G/2"]
[Site "San Francisco"]
[Date "2016.04.26"]
[Round "7.26"]
[White "Brown, Nicholas M"]
[Black "Babayan, Gagik"]
[Result "1/2-1/2"]
[WhiteElo "1501"]
[BlackElo "1833"]
[Annotator "Donaldson"]
[PlyCount "111"]
[EventDate "2016.??.??"]

1. d4 Nf6 2. c4 g6 3. Nc3 Bg7 4. Nf3 d6 5. e4 O-O 6. Be2 e5 7. d5 c6 8. O-O
cxd5 9. cxd5 a6 10. a4 Ng4 11. h3 Nh6 12. Bg5 f6 13. Be3 f5 14. a5 Nd7 15. Bg5
Nf6 16. Bd3 Nf7 17. exf5 gxf5 18. Bxf6 Qxf6 19. Nd2 Bd7 20. Nc4 e4 21. Be2 Rfe8
22. Nb6 Rad8 23. Nxd7 Rxd7 24. Rc1 Rc7 $2 (24... Bh6 $17) 25. Nxe4 $1 $18 Qe7
26. Rxc7 Qxc7 27. Ng3 f4 28. Nh5 Be5 29. Qd2 Rc8 30. Bd3 Qe7 31. Nxf4 Qg5 32.
g3 Bxf4 33. Qxf4 Qxf4 34. gxf4 Rc5 35. b4 Rc3 36. Bf5 Kg7 37. Re1 Rf3 38. Bc8
Rxf4 39. Bxb7 Ne5 {Diagram [#]} 40. Kf1 $2 ({White has played an excellent
game to this point, but it only takes one mistake to let Black back into the
game.} 40. Rb1 $1 Nd3 41. Bxa6 $18) 40... Rxb4 41. Bxa6 Ra4 42. Bb7 Kf6 $4 (
42... Rxa5 $14) 43. a6 Kf5 44. Rb1 Nc4 45. Rc1 Nd2+ 46. Kg2 Ne4 47. Re1 (47.
Rc7 $1 h6 (47... Nc5 48. Bc8+ Ke5 49. f4+ Kxd5 50. a7 h6 51. Kg3 $18) 48. a7 $1
) 47... Nc5 48. Re7 Kg6 49. Rc7 Ra2 50. Rc6 Ne4 51. Bc8 (51. Kf3 $1) 51...
Rxf2+ 52. Kg1 Ra2 53. Rc7 Nc5 54. a7 h5 55. Bd7 (55. Be6 $18) 55... Nxd7 56.
Rxd7 1/2-1/2

[Event "Mechanics' Spring TNM; G/2"]
[Site "San Francisco"]
[Date "2016.04.12"]
[Round "5.41"]
[White "Brown, Nicholas M"]
[Black "Bayaraa, Bilguun"]
[Result "1-0"]
[WhiteElo "1501"]
[BlackElo "634"]
[PlyCount "43"]
[EventDate "2016.??.??"]

1. d4 d5 2. c4 c6 3. Nf3 Nf6 4. Nc3 Bf5 5. e3 e6 6. cxd5 cxd5 7. Bb5+ Nbd7 8.
O-O Bb4 9. Qa4 Bxc3 10. bxc3 O-O 11. Ba3 Re8 12. Ne5 a6 13. Bxd7 b5 14. Qb4
Nxd7 15. Nc6 Qc7 16. Ne7+ Kh8 17. Nxf5 exf5 18. Qb3 Re4 19. Qxd5 Rae8 20. Qxf7
Qd8 21. Qxf5 Nf6 22. h3 1-0

[Event "Mechanics' Summer TNM; G/2"]
[Site "San Francisco"]
[Date "2016.05.31"]
[Round "2.39"]
[White "Brown, Nicholas M"]
[Black "Bender, Karina Lar"]
[Result "1/2-1/2"]
[WhiteElo "1479"]
[BlackElo "707"]
[PlyCount "32"]
[EventDate "2016.??.??"]

1. d4 d5 2. c4 Nf6 3. Nc3 Bf5 4. e3 e6 5. Nf3 c5 6. cxd5 exd5 7. Bb5+ Nbd7 8.
O-O Bd6 9. dxc5 Bxc5 10. Nxd5 O-O 11. b4 Be7 12. Bb2 Nb6 13. Nxe7+ Qxe7 14. a3
a6 15. Be2 Rfd8 16. Qe1 Rac8 1/2-1/2